000 00602nam a22002177a 4500
003 NUST-PNEC
005 20170116181120.0
008 150210b xxu||||| |||| 00| 0 eng d
020 _a-
040 _cLIBRARY
082 _a954.91 SAF
100 _91323
_aSafdar Mahmood
245 _aPakistan divided
_cSafdar Mahmood
250 _a-
260 _cc.1984
300 _a440
500 _a-
650 _2History
856 _uhttp://www.amazon.com/Pakistan-Political-Roots-Development-1947-1999/dp/0195798066/ref=sr_1_1?ie=UTF8&qid=1423552708&sr=8-1&keywords=0195798066
942 _2ddc
_cBK
999 _c69540
_d69540